01819nam a2200349 i 4500001001000000003000900010005001700019007000300036008004100039020001500080040003000095082002400125100004200149245013400191264003500325300005200360336002700412337003300439338002800472504007400500504003000574590002600604651007500630651006800705910003900773942001400812952013300826952011800959952012401077952025101201999001701452000027493DO-SdBNP20241111132141.0ta110401s2005 dr abd 000 0 spa d z9993432056 aDO-SdBNPbspacBNPHUerda a972.9304bA473d2221 aÁlvarez López, Luiseautor94499810aDieciséis conclusiones fundamentales sobre la anexión y la guerra de la restauración (1861-1865) /cLuis Álvarez López. aSanto Domingo :bArgos,c2005. a118 páginas :bilustraciones, mapa. ;c22 cm. ardacontentbtexto2txt ardamediabsin mediación2n ardacarrierbvolumen2nc aIncluye referencias bibliográficas y notas al pie de las páginas. aBibliografía : p. 83-89 aInventariado, 2024/DG 4aRepública DominicanaxHistoriayANEXIÓN A ESPAÑA, 1861-18659139 0aREPÚBLICA DOMINICANAxHISTORIAyRESTAURACIÓN 1863-18659896 aValidado. Control de calidad BNPHU 2ddccLBS1 001054708DSaGRbGRcHDd2011-04-25iLF1l0o972.9304 A473dp27493-30r2020-06-25te. 3w2020-06-25yLFDSZPréstamo en sala 0010718PDaPDbPDcHDd2011-04-01iLF1l0o972.9304 A473dp27493-10r2020-06-25w2020-06-25yLFPDZNo se presta 0010718PDaPDbPDcHDd2011-04-01iLF1l0o972.9304 A473dp27493-20r2020-06-25te. 2w2020-06-25yLFPDZNo se presta 00102ddc56708DSaBNPHUbBNPHUcCTd2024-11-11eDonado por la Presidencia de la República Dominicana 2023l0oBNPHU DS 972.9304 A473dp2024-6353r2024-11-11te.4w2024-11-11yLBS1zPertenecio a la biblioteca personal de Emilio Cordero Michel c26985d26985